000 00317nam a2200133Ia 4500
005 20260328104337.0
008 260328s9999||||xx |||||||||||||| ||und||
100 _aDe Sagredo, Diego
245 0 _aMedidas del Romano /
_cDiego De Sagredo
260 _bFacsimilar
300 _a78 p.
650 _aROMA
942 _cBK
999 _c11953
_d11953